000
00434nam a2200169Ia 4500
008
090711s9999 xx 000 0 und d
082
_b
52664
100
_a
साळोखे विलास
245
_a
बिंग
260
_c
1981
300
_a
110
600
_a
साळोखे विलास
630
_a
बिंग
700
_a
साळोखे विलास
730
_a
बिंग
942
_c
BOOK
999
_c
309867
_d
309867